[Event "Liptovsky Mikulas V4 U11 op"]
[Site "Liptovsky Mikulas"]
[Date "2016.06.25"]
[Round "6"]
[White "Buda, Ondrej"]
[Black "Sosovickova, Jana"]
[Result "0-1"]
[WhiteElo "1020"]
[BlackElo "1435"]
[PlyCount "44"]
[EventDate "2016.06.23"]
[EventType "swiss"]
[EventRounds "9"]
[EventCountry "SVK"]
[SourceTitle "CBM 173 Extra"]
[Source "ChessBase"]
[SourceDate "2016.08.29"]
[SourceVersion "1"]
[SourceVersionDate "2016.08.29"]
[SourceQuality "1"]

1. e4 e5 2. Nf3 Nc6 3. d4 exd4 4. Nxd4 Nf6 5. Bg5 Be7 6. Nc3 Nxe4 7. Nxe4 Bxg5 8. Nxg5 Qxg5 9. Bd3 Nxd4 10. 0-0 Ne6 11. Re1 0-0 12. Bc4 b6 13. Bb5 Qxb5 14. Qg4 Qg5 15. Re4 d5 16. Qxg5 Nxg5 17. Re7 Ne6 18. Re1 c6 19. Re5 g6 20. b3 Kg7 21. f4 Kf6 22. R7xe6+ Bxe6 0-1